Principles of Marketing and Business Ethics (Record no. 4287)

MARC details
005 - DATE AND TIME OF LATEST TRANSACTION
control field 20250618114607.0
020 ## - INTERNATIONAL STANDARD BOOK NUMBER
International Standard Book Number 978-9987-694-32-7
082 ## - DEWEY DECIMAL CLASSIFICATION NUMBER
Classification number 658.8 MBU
100 ## - MAIN ENTRY--PERSONAL NAME
Author name MBURA, K. O
245 ## - TITLE STATEMENT
Title Principles of Marketing and Business Ethics
260 ## - PUBLICATION, DISTRIBUTION, ETC.
Place of publication, distribution, etc. Dar es salaam
Name of publisher, distributor, etc. Tanzania Institute of Bankers
Date of publication, distribution, etc. 2015.
300 ## - PHYSICAL DESCRIPTION
Extent x,266p.
Other physical details Index
Dimensions 24cm
942 ## - ADDED ENTRY ELEMENTS (KOHA)
Source of classification or shelving scheme Dewey Decimal Classification
Koha item type Books
Holdings
Date last seen Total checkouts Full call number Barcode Cost, replacement price Price effective from Koha item type Lost status Source of classification or shelving scheme Damaged status Not for loan Withdrawn status Home library Current library Shelving location Date acquired Source of acquisition Cost, normal purchase price
06/18/2025   658.8 MBU MZA0001564 150000.00 06/17/2025 Books   Dewey Decimal Classification       CBE Mwanza CBE Mwanza Reference Collection 01/14/2025 Donation 50000.00